[Event "Chigorin Memorial 08th"]
[Site "St Petersburg"]
[Date "2000.11.02"]
[Round "3"]
[White "Fedorov, Alexei"]
[Black "Andreev, Vladislav A"]
[Result "1/2-1/2"]
[WhiteElo "2646"]
[BlackElo "2377"]
[PlyCount "102"]
[EventDate "2000.10.31"]
[EventType "swiss"]
[EventRounds "9"]
[EventCountry "RUS"]
[SourceTitle "EXT 2001"]
[Source "ChessBase"]
[SourceDate "2000.11.22"]
[SourceVersion "1"]
[SourceVersionDate "2000.11.22"]
[SourceQuality "1"]

1. d4 c6 2. e4 d5 3. e5 Bf5 4. Bd3 Bxd3 5. Qxd3 Qa5+ 6. c3 Qa6 7. Qxa6 Nxa6 8. Be3 e6 9. Nd2 Ne7 10. Ne2 Nf5 11. g4 Ne7 12. Ng3 c5 13. Ke2 Nc6 14. Nb3 c4 15. Nd2 b5 16. f4 Nc7 17. f5 Be7 18. Nf3 Kd7 19. h3 a5 20. Bg5 Bf8 21. Rhf1 b4 22. Bd2 h6 23. fxe6+ Nxe6 24. Nh4 Ncd8 25. Nhf5 Kc6 26. Ne3 Rb8 27. h4 a4 28. Nc2 bxc3 29. Bxc3 g5 30. hxg5 hxg5 31. Nh5 Be7 32. a3 Rb5 33. Bb4 Kd7 34. Ke3 Nf4 35. Nxf4 gxf4+ 36. Ke2 Ne6 37. Bc3 Rh2+ 38. Rf2 Rxf2+ 39. Kxf2 Ng5 40. Nb4 Ke6 41. Rh1 f6 42. Rh6 Kf7 43. Ke2 Kg7 44. Rh5 Kg6 45. exf6 Bxf6 46. Kf2 Kf7 47. Ke2 Ke6 48. Rh6 Kf7 49. Rh5 Kg6 50. Kf2 Kf7 51. Ke2 Kg6 1/2-1/2

[Event "Chigorin Memorial 08th"]
[Site "St Petersburg"]
[Date "2000.11.01"]
[Round "2"]
[White "Andreev, Vladislav A"]
[Black "Sudakova, Irina"]
[Result "0-1"]
[WhiteElo "2377"]
[BlackElo "2212"]
[PlyCount "102"]
[EventDate "2000.10.31"]
[EventType "swiss"]
[EventRounds "9"]
[EventCountry "RUS"]
[SourceTitle "EXT 2001"]
[Source "ChessBase"]
[SourceDate "2000.11.22"]
[SourceVersion "1"]
[SourceVersionDate "2000.11.22"]
[SourceQuality "1"]

1. Nf3 Nf6 2. g3 g6 3. b3 Bg7 4. Bb2 0-0 5. Bg2 d6 6. d4 Nbd7 7. 0-0 c5 8. c4 Rb8 9. Nc3 a6 10. e4 b5 11. e5 Ne8 12. exd6 Nxd6 13. cxb5 Nxb5 14. Nxb5 axb5 15. Qe2 Bb7 16. dxc5 Bxb2 17. Qxb2 Nxc5 18. Rfd1 Qb6 19. Ne1 Rfd8 20. Qe2 Bxg2 21. Kxg2 Qb7+ 22. f3 Ne6 23. Nc2 Rbc8 24. Rxd8+ Rxd8 25. Rd1 Qc7 26. Rxd8+ Qxd8 27. Kf2 Qd5 28. Qe3 Qa8 29. a3 Qd5 30. Qc3 Qd1 31. Ne3 Qd6 32. Qb2 Qd3 33. a4 b4 34. Qc2 Qd4 35. Qa2 Nc5 36. Qc2 h5 37. Ke2 h4 38. a5 Ne6 39. a6 Qa1 40. Qc8+ Kg7 41. Nc2 Qe5+ 42. Kf2 Nc7 43. f4 Qd6 44. Nxb4 Qd2+ 45. Kf3 Ne6 46. Qc4 h3 47. a7 Qxh2 48. Qf1 Nd4+ 49. Ke3 Nf5+ 50. Kd3 Qxg3+ 51. Kd2 Qe3+ 0-1

[Event "RUS-ch sf"]
[Site "Gatchina"]
[Date "2000.??.??"]
[Round "5"]
[White "Andreev, Vladislav A"]
[Black "Yevseev, Denis"]
[Result "0-1"]
[WhiteElo "2366"]
[BlackElo "2496"]
[PlyCount "124"]
[EventDate "2000.??.??"]
[EventType "swiss"]
[EventRounds "9"]
[EventCountry "RUS"]
[SourceTitle "EXT 2001"]
[Source "ChessBase"]
[SourceDate "2000.11.22"]
[SourceVersion "1"]
[SourceVersionDate "2000.11.22"]
[SourceQuality "1"]

1. a3 d5 2. b4 e5 3. Bb2 Bd6 4. g3 Nf6 5. Bg2 0-0 6. Nf3 Re8 7. 0-0 Nbd7 8. d3 e4 9. Nd4 Ne5 10. Nb5 e3 11. fxe3 Nfg4 12. Qc1 Bf8 13. e4 dxe4 14. Bxe4 c5 15. h3 Nf6 16. Qg5 h6 17. Qf4 Nxe4 18. Qxe4 Bxh3 19. Bxe5 Bxf1 20. Nc7 Qxc7 21. Bxc7 Rxe4 22. dxe4 Bxe2 23. Nc3 Bc4 24. b5 Rc8 25. Bf4 Rd8 26. Rb1 f6 27. b6 a6 28. a4 g5 29. Be3 Kf7 30. a5 Ke6 31. Na4 Rc8 32. Rd1 Bb5 33. Nc3 Bc6 34. Nd5 Ke5 35. Kf2 f5 36. Nc7 fxe4 37. c4 Be7 38. Rh1 Rf8+ 39. Ke2 Rf6 40. g4 Bd7 41. Nd5 Bxg4+ 42. Ke1 Re6 43. Nxe7 Rxe7 44. Rxh6 Be6 45. Bxg5 Rf7 46. Be3 Bxc4 47. Rh5+ Ke6 48. Rxc5 Bd5 49. Kd2 Rf3 50. Rc1 Rh3 51. Re1 Bc6 52. Rg1 Kd5 53. Rg5+ Kc4 54. Ke2 Bb5 55. Re5 Kc3+ 56. Rxb5 axb5 57. a6 bxa6 58. b7 Rh8 59. Bf4 Kc2 60. b8Q Rxb8 61. Bxb8 b4 62. Ke3 b3 0-1

[Event "St Petersburg White Nights op"]
[Site "St Petersburg"]
[Date "1998.06.27"]
[Round "8"]
[White "Andreev, Vladislav A"]
[Black "Chepukaitis, Genrikh"]
[Result "1-0"]
[WhiteElo "2325"]
[BlackElo "2420"]
[PlyCount "71"]
[EventDate "1998.06.??"]
[EventType "swiss"]
[EventRounds "9"]
[EventCountry "RUS"]
[SourceTitle "EXT 1999"]
[Source "ChessBase"]
[SourceDate "1998.11.16"]
[SourceVersion "1"]
[SourceVersionDate "1998.11.16"]
[SourceQuality "1"]

1. e4 g6 2. d4 Bg7 3. Nc3 d6 4. Be3 Nd7 5. Qd2 a6 6. Nf3 h6 7. h3 e6 8. Bd3 Ne7 9. Rd1 b6 10. d5 g5 11. dxe6 fxe6 12. Bc4 Nf8 13. Bd4 Bxd4 14. Qxd4 Rg8 15. e5 d5 16. Qg4 Nf5 17. Nxd5 exd5 18. Bxd5 Qxd5 19. Rxd5 Be6 20. Rd2 Ng6 21. Qe4 Kf7 22. 0-0 Rae8 23. Nd4 Nxd4 24. Rxd4 Kg7 25. Qb7 Re7 26. Qxa6 Rf8 27. Qa3 Ref7 28. Qe3 Rf5 29. Rfd1 R8f7 30. Rd8 h5 31. Re8 Nf8 32. Rdd8 h4 33. a4 Rf4 34. f3 Kh6 35. a5 bxa5 36. Qc5 1-0

[Event "St Petersburg White Nights op"]
[Site "St Petersburg"]
[Date "1998.06.24"]
[Round "5"]
[White "Andreev, Vladislav A"]
[Black "Sivokho, Sergey V"]
[Result "1/2-1/2"]
[WhiteElo "2325"]
[BlackElo "2425"]
[PlyCount "186"]
[EventDate "1998.06.??"]
[EventType "swiss"]
[EventRounds "9"]
[EventCountry "RUS"]
[SourceTitle "EXT 1999"]
[Source "ChessBase"]
[SourceDate "1998.11.16"]
[SourceVersion "1"]
[SourceVersionDate "1998.11.16"]
[SourceQuality "1"]

1. e4 d5 2. exd5 Nf6 3. d4 Nxd5 4. Nf3 g6 5. Be2 Bg7 6. 0-0 0-0 7. c3 Nc6 8. Re1 Re8 9. Bb5 Bd7 10. Bxc6 Bxc6 11. Ne5 e6 12. Nd2 Ne7 13. Nxc6 Nxc6 14. Ne4 h6 15. f4 b6 16. Be3 Na5 17. Re2 Qd5 18. Bf2 Nb7 19. Bh4 Qf5 20. Re1 Kh8 21. g4 Qb5 22. a4 Qc6 23. Nf6 Red8 24. Qd3 Nc5 25. Qh3 Nd7 26. Ne4 Re8 27. Bg5 f5 28. Nf2 fxg4 29. Nxg4 h5 30. Nf2 Qd5 31. Qd3 Qf5 32. Rad1 c5 33. Ne4 cxd4 34. cxd4 Bf8 35. Ng3 Qf7 36. Rc1 Nf6 37. Rc6 Nd5 38. Qe4 Bg7 39. Kg2 h4 40. Ne2 Qf5 41. Nc3 Nb4 42. Qxf5 exf5 43. Rxe8+ Rxe8 44. Rxg6 Bxd4 45. Bf6+ Bxf6 46. Rxf6 Nd3 47. Rxf5 Nxb2 48. Rf7 Nc4 49. Rxa7 h3+ 50. Kf2 Rd8 51. Ne4 Rd4 52. Kf3 Nd2+ 53. Nxd2 Rxd2 54. Kg3 Rd3+ 55. Kg4 Ra3 56. Rb7 Ra2 57. Kxh3 Rxa4 58. Kg4 Ra2 59. h4 Rb2 60. Kg5 Kg8 61. f5 b5 62. Kg6 Rg2+ 63. Kf6 Rg4 64. Rxb5 Rxh4 65. Rb8+ Kh7 66. Kf7 Ra4 67. Re8 Ra7+ 68. Re7 Ra8 69. f6 Kh6 70. Rd7 Rb8 71. Ke6 Rb6+ 72. Ke7 Rb8 73. Kf7 Ra8 74. Re7 Kh7 75. Rd7 Kh6 76. Ke6 Ra6+ 77. Ke7 Ra8 78. Rd3 Ra7+ 79. Ke6 Ra6+ 80. Rd6 Ra8 81. Kf7 Kh7 82. Rd7 Kh6 83. Rd1 Ra7+ 84. Ke6 Ra6+ 85. Ke7 Ra7+ 86. Rd7 Ra8 87. Ke6 Ra6+ 88. Rd6 Ra8 89. Kf7 Kh7 90. Rd5 Ra7+ 91. Ke6 Kg6 92. Rd6 Ra1 93. Ke7 Ra7+ 1/2-1/2

[Event "St Petersburg White Nights op"]
[Site "St Petersburg"]
[Date "1998.06.22"]
[Round "3"]
[White "Andreev, Vladislav A"]
[Black "Shour, Janna"]
[Result "1-0"]
[WhiteElo "2325"]
[BlackElo "2210"]
[PlyCount "79"]
[EventDate "1998.06.??"]
[EventType "swiss"]
[EventRounds "9"]
[EventCountry "RUS"]
[SourceTitle "EXT 1999"]
[Source "ChessBase"]
[SourceDate "1998.11.16"]
[SourceVersion "1"]
[SourceVersionDate "1998.11.16"]
[SourceQuality "1"]

1. e4 c5 2. Nf3 Nc6 3. Bb5 g6 4. 0-0 Bg7 5. Nc3 Nf6 6. e5 Ng4 7. Bxc6 dxc6 8. Qe2 Qc7 9. Re1 Nh6 10. Ne4 0-0 11. Nxc5 b6 12. Nb3 c5 13. d3 Bb7 14. Bf4 Nf5 15. Nbd2 Qc6 16. Ne4 Rad8 17. h3 Nd4 18. Nxd4 Rxd4 19. f3 Rfd8 20. Bg3 Ba6 21. b3 b5 22. Qe3 c4 23. dxc4 bxc4 24. c3 R4d7 25. b4 Bc8 26. a4 a6 27. Nc5 Rd2 28. Bf4 R2d5 29. Qe4 a5 30. Qe3 axb4 31. cxb4 Bf5 32. a5 Qb5 33. Qa3 g5 34. Bg3 h5 35. a6 Ra8 36. Qc3 Bc8 37. a7 Qb6 38. Qxc4 Be6 39. Qa6 Qxb4 40. Nxe6 1-0

[Event "Petrov Memorial op"]
[Site "St Petersburg"]
[Date "1998.??.??"]
[Round "5"]
[White "Andreev, Vladislav A"]
[Black "Karalkin, Maksim"]
[Result "1/2-1/2"]
[WhiteElo "2325"]
[BlackElo "2250"]
[PlyCount "30"]
[EventDate "1998.02.??"]
[EventType "swiss"]
[EventRounds "9"]
[EventCountry "RUS"]
[SourceTitle "EXT 1999"]
[Source "ChessBase"]
[SourceDate "1998.11.16"]
[SourceVersion "1"]
[SourceVersionDate "1998.11.16"]
[SourceQuality "1"]

1. e4 c6 2. d4 d5 3. e5 g6 4. c3 h5 5. Bd3 Nh6 6. Ne2 Bg4 7. h3 Bxe2 8. Qxe2 e6 9. Nd2 Nf5 10. Nf3 Be7 11. Bd2 Nd7 12. 0-0-0 h4 13. Kb1 Nf8 14. Bc1 Qc7 15. Bg5 0-0-0 1/2-1/2

[Event "Petrov Memorial op"]
[Site "St Petersburg"]
[Date "1998.??.??"]
[Round "1"]
[White "Andreev, Vladislav A"]
[Black "Lugovoi, Aleksei"]
[Result "1/2-1/2"]
[WhiteElo "2325"]
[BlackElo "2540"]
[PlyCount "106"]
[EventDate "1998.02.??"]
[EventType "swiss"]
[EventRounds "9"]
[EventCountry "RUS"]
[SourceTitle "EXT 1999"]
[Source "ChessBase"]
[SourceDate "1998.11.16"]
[SourceVersion "1"]
[SourceVersionDate "1998.11.16"]
[SourceQuality "1"]

1. e4 c5 2. Nf3 d6 3. Bb5+ Bd7 4. Bxd7+ Qxd7 5. 0-0 Nc6 6. d4 cxd4 7. Nxd4 Nf6 8. Nc3 e6 9. Bg5 Be7 10. Qd3 0-0 11. Nxc6 Qxc6 12. Rae1 a6 13. Re3 b5 14. Rfe1 Rfe8 15. Rh3 Qc4 16. Nb1 Rac8 17. Qxc4 Rxc4 18. Bxf6 Bxf6 19. c3 Rd8 20. Rd3 Kf8 21. g3 g5 22. f3 h5 23. Kg2 g4 24. e5 dxe5 25. Rxd8+ Bxd8 26. Rxe5 h4 27. Nd2 h3+ 28. Kf1 Ra4 29. a3 Bb6 30. fxg4 Rxg4 31. Rh5 Kg7 32. Nf3 f5 33. Rxh3 Be3 34. Ne5 Re4 35. Nd3 Bg5 36. Nc5 Re5 37. Nb3 Re3 38. Rh5 Bf6 39. Kf2 Rd3 40. Ke2 Rd5 41. g4 Kg6 42. Rh3 fxg4 43. Rg3 Rg5 44. Ke3 Be5 45. Rg2 Kh5 46. Nc5 Rg6 47. Nd3 Bd6 48. Nf4+ Bxf4+ 49. Kxf4 Kh4 50. Ke5 Kh3 51. Rf2 Rg8 52. Kxe6 Re8+ 53. Kf7 Re1 1/2-1/2